<?xml version="1.0" encoding="UTF-8"?>
<record
    xmlns:xsi="http://www.w3.org/2001/XMLSchema-instance"
    xsi:schemaLocation="http://www.loc.gov/MARC21/slim http://www.loc.gov/standards/marcxml/schema/MARC21slim.xsd"
    xmlns="http://www.loc.gov/MARC21/slim">

  <leader>01601nam a2200229Ia 4500</leader>
  <controlfield tag="003">OSt</controlfield>
  <controlfield tag="005">20210812105613.0</controlfield>
  <controlfield tag="008">210310s1993    ck ad  gr     000 0 spa d</controlfield>
  <datafield tag="040" ind1=" " ind2=" ">
    <subfield code="a">CO-JMCR</subfield>
    <subfield code="c">CO-JMCR</subfield>
  </datafield>
  <datafield tag="041" ind1="0" ind2=" ">
    <subfield code="a">spa</subfield>
  </datafield>
  <datafield tag="082" ind1="0" ind2="4">
    <subfield code="a">346.082 /</subfield>
    <subfield code="b">A837m</subfield>
    <subfield code="2">23</subfield>
  </datafield>
  <datafield tag="110" ind1="2" ind2=" ">
    <subfield code="a">Asociaci&#xF3;n Nacional de Instituciones Financieras </subfield>
    <subfield code="e">autor</subfield>
    <subfield code="9">960</subfield>
  </datafield>
  <datafield tag="245" ind1=" " ind2="0">
    <subfield code="a">La multibanca y el futuro del sector financiero / </subfield>
    <subfield code="c">Asociaci&#xF3;n Nacional de Instituciones Financieras </subfield>
  </datafield>
  <datafield tag="260" ind1=" " ind2=" ">
    <subfield code="a">Bogot&#xE1; : </subfield>
    <subfield code="b">ANIF, </subfield>
    <subfield code="c">1993.</subfield>
  </datafield>
  <datafield tag="300" ind1=" " ind2=" ">
    <subfield code="a">219 p&#xE1;ginas :</subfield>
    <subfield code="b">Ilustraciones y gr&#xE1;ficas en blanco y negro ; </subfield>
    <subfield code="c">23 cm.</subfield>
  </datafield>
  <datafield tag="504" ind1=" " ind2=" ">
    <subfield code="a">Bibliograf&#xED;a al final de cada capitulo.</subfield>
  </datafield>
  <datafield tag="505" ind1="0" ind2=" ">
    <subfield code="t">Entre la banca especializada y la multibanca: legislaci&#xF3;n para una soluci&#xF3;n de mercado. / </subfield>
    <subfield code="r">Jos&#xE9; El&#xED;as Melo. -- </subfield>
    <subfield code="t">Hacia d&#xF3;nde va el sector financiero. / </subfield>
    <subfield code="r">Javier Fern&#xE1;ndez Riva. -- </subfield>
    <subfield code="t">La experiencia internacional en materia de multibanca. / </subfield>
    <subfield code="r">N&#xE9;stor Humberto Mart&#xED;nez Neira. -- </subfield>
    <subfield code="t">El paso de banca especializada a multibanca: la experiencia chilena. / </subfield>
    <subfield code="r">Guillermo Villaseca. -- </subfield>
    <subfield code="t">Hacia una banca para la industrializaci&#xF3;n. / </subfield>
    <subfield code="r">Roberto Junguito. -- </subfield>
    <subfield code="t">Multibanca en Colombia: balance de una experiencia. / 

</subfield>
    <subfield code="r">Michael Contreras. -- </subfield>
    <subfield code="t">Definiendo el negocio: el futuro de la banca p&#xFA;blica. / </subfield>
    <subfield code="r">Carlos Jaime Fajardo. -- </subfield>
    <subfield code="t">Una pol&#xED;tica financiera para inducirf 4126 competencia y aprovechar econom&#xED;as de escala. / </subfield>
    <subfield code="r">Rudolf Hommes R. -- </subfield>
    <subfield code="t">Regulaci&#xF3;n y normatividad en el sector financiero.</subfield>
  </datafield>
  <datafield tag="650" ind1="1" ind2="4">
    <subfield code="a">Bancos</subfield>
    <subfield code="z">Colombia</subfield>
    <subfield code="9">8156</subfield>
  </datafield>
  <datafield tag="650" ind1="2" ind2="4">
    <subfield code="a">Legislaci&#xF3;n </subfield>
    <subfield code="z">Colombia</subfield>
    <subfield code="9">39321</subfield>
  </datafield>
  <datafield tag="650" ind1="2" ind2="4">
    <subfield code="a">Sector Financiero</subfield>
    <subfield code="z">Colombia.</subfield>
    <subfield code="9">38719</subfield>
  </datafield>
  <datafield tag="942" ind1=" " ind2=" ">
    <subfield code="2">ddc</subfield>
    <subfield code="c">BK</subfield>
  </datafield>
  <datafield tag="999" ind1=" " ind2=" ">
    <subfield code="c">12144</subfield>
    <subfield code="d">12144</subfield>
  </datafield>
  <datafield tag="952" ind1=" " ind2=" ">
    <subfield code="0">0</subfield>
    <subfield code="1">0</subfield>
    <subfield code="2">ddc</subfield>
    <subfield code="4">0</subfield>
    <subfield code="7">0</subfield>
    <subfield code="a">CPL</subfield>
    <subfield code="b">CPL</subfield>
    <subfield code="c">GEN</subfield>
    <subfield code="d">2018-04-15</subfield>
    <subfield code="e">Donaci&#xF3;n</subfield>
    <subfield code="o">346.082 / A837m</subfield>
    <subfield code="p">430002464</subfield>
    <subfield code="r">2024-05-16 00:00:00</subfield>
    <subfield code="t">Ej.1</subfield>
    <subfield code="w">2021-03-10</subfield>
    <subfield code="y">BK</subfield>
  </datafield>
</record>
